000 00704nam a2200289Ia 4500
005 20260324144832.0
008 008 260324s9999 xx 000 0 eng d
020 _a9781003514596
037 _aEBOOK
040 _aCRL
040 _beng
040 _cCRL
041 _2eng
041 _aeng
084 _qCRL
100 _aOliver MacDonagh; W. F. Mandle
_91220788
245 0 _aIreland and Irish-Australia
245 0 _bStudies in Cultural and Political History
260 _bTaylor and Francis
260 _c1986
365 _a
365 _b140
856 _uhttp://www.taylorfrancis.com/books/9781003514596
942 _cEBOOK
999 _c1827899
_d1827899